Normal view
MARC view
- SUPERVISOR DR. BRIG. SHOAB AHMED KHAN DR. WASI HAIDER BUTT
Entry Personal Name
001 - CONTROL NUMBER
- control field: 71379
003 - CONTROL NUMBER IDENTIFIER
- control field: NUST
005 - DATE AND TIME OF LATEST TRANSACTION
- control field: 20210628204628.0
008 - FIXED-LENGTH DATA ELEMENTS
- fixed length control field: 210628|| aca||aabn | a|a d
040 ## - CATALOGING SOURCE
- Original cataloging agency: NUST
- Transcribing agency: NUST
100 ## - HEADING--PERSONAL NAME
- Personal name: SUPERVISOR DR. BRIG. SHOAB AHMED KHAN DR. WASI HAIDER BUTT
670 ## - SOURCE DATA FOUND
- Source citation: Work cat.: (NUST): PC RAFAY ULLAH CHAUDHARY NC USAMA ZAHID NC MUHAMMAD USAMA 71377, PR-SOF-1646-SOCIOLOGY ANALYSIS USING DATA ANALYTICS, 2017
